000 00822nam a2200253 a 4500
001 15024
003 BD-RjUL
005 20211208235733.0
008 161020s1969 ii b 001 0 eng d
035 _a(BD-RjUL)15078
040 _aDLC
_cDLC
_dDLC
_dBD-RjUL
_beng
041 _aeng
082 0 0 _a658
_bRIR 1969
_223
100 1 _aRichards, Max De Voe,
_d1923-
_946769
245 1 0 _aReadings in management /
_cby Max D. Richards and William A. Nielander.
250 _a3rd ed.
260 _aCincinnati :
_bSouthwestern Pub. Co,
_cc1969 [ reprint 1971 ]
300 _aix, 972 p. :
_billus. ;
_c24 cm.
504 _aIncludes bibliographical references and index.
650 0 _aIndustrial management.
_946770
700 1 _aNielander, William Ahlers,
_d1901-
_ejoint ed.
_946771
942 _2ddc
_cBK
999 _c15024
_d15024